1787 1404 1821 1530 1959 1617 1631 1226 1404 1481 1114 1073 1904 1794 1918 1697 1396 1939 1663 1043 1784 1072 1833 1555 1076 1724 1035 1997 1906 1697 1726 1528 1495 1338 1936 1780 1042 1134 1150 1111 1726 1417 1632 1700 1204 1361 1791 1051 1356 1443 1772 1011 1074 1689 1834 1451 1636 1320 1282 1806 1416 1415 1056 1492 1856 1704 1158 1442 1860 1457 1932 1254 1776 1835 1594 1543 1807 1217 1425 1276 1645 1909 1695 1035 1482 1249 1401 1982 1077 1234 1456 1682 1736 1126 1609 1442 1382 1056 1703 BCNSPRNW ULIB Ver.6.0+V

เปลี่ยนเป็นภาษาไทย

Change to English
 แสดงรายละเอียดบรรณานุกรม
  กลับหน้าหลัก

Brief Record : Get Marc (ISO 2709) : E-mail record : QR code < ปิดหน้าต่าง
LEADER : 00000nam 2200000uu 4500
001    13399121797
003     ULIB
008    020711s2549 th a 000 0 tha d
060  4 WQ300^bจ625ก
100    จุฑาพร ใสสด
245    เอกสารวิชาการ การเจ็บครรภ์คลอดก่อนกำหนด =^bPreterm Labor./^cจุฑาพร ใสสด
260    นครสวรรค์ :^bวิทยาลัยพยาบาลบรมราชชนนี สวรรค์ประชารักษ์ นครสวรรค์,^c2549
300    72 หน้า
650    คลอดก่อนกำหนด
945    ^p0^l0^i24543
999    ^aทศพร เกษรทอง
รายการนี้ยังไม่มีแท็ก
คุณยังไม่ได้ล็อกอิน คุณสามารถมีกิจกรรมร่วมกับเว็บไซต์ได้ แต่ต้องล็อกอินก่อน ::
  ล็อกอิน

รายการสื่อสารสนเทศ

ลำดับที่ ประเภท เลขเรียก/บาร์โค้ด สถานที่ สถานะ
1. วิทยาศาสตร์การแพทย์ และสุขภาพ
วิทยาศาสตร์การแพทย์ และสุขภาพ
WQ300 จ625ก  
  Barcode: 24543
ห้องสมุดวิทยาเขตสวรรค์ประชารักษ์
►ส่วนจัดเก็บหนังสือเก่า สปร
บนชั้น
  ขอยืม

รายการใกล้เคียง
    หัวเรื่อง [คลอดก่อนกำหนด]

BibComment


ยังไม่เคยถูกคอมเมนท์

คอมเมนท์ทรัพยากรรายการนี้
  คอมเมนท์: เอกสารวิชาการ การ..


 Copyright 2026. Bcnsprnw @Library